Infancia, adolescencia y familia desde una perspectiva de los derechos humanos /

שמור ב:
מידע ביבליוגרפי
מחבר ראשי: Camacho Monge, Daniel
פורמט: Texto
גישה מקוונת:flarocena@gmail.com
תגים: הוספת תג
אין תגיות, היה/י הראשונ/ה לתייג את הרשומה!

MARC

LEADER 00000 a a2200000 04500
001 39976
003
040
100 |a Camacho Monge, Daniel  
245 |a Infancia, adolescencia y familia desde una perspectiva de los derechos humanos /  |c Daniel Camacho Monge  
773 |g número120 ( , 2008), páginas 9-12  
856 |u flarocena@gmail.com  
999 |c 31189  |d 31189 
773 0 |0 18728  |9 3024  |a Universidad de Costa Rica  |d San José, Costa Rica Editorial UCR 1956-  |o 07868  |t Revista de Ciencias Sociales/  |x 04825276